000 00264nam a2200109Ia 4500
008 200302s9999 xx 000 0 und d
100 _aKaizer Talib
245 _aShelter in Saudi Arabia
260 _bAcademy Edition Martins press
260 _c1984
300 _a144 P.,
999 _c773
_d773